Statistiken für Fische erraten - Nenne diese Fischarten

Klicken Sie hier um das Quiz zu spielen!

Allgemein

  • Dieses Quiz wurde 421 mal gespielt
  • Das Durchschnittsergebnis liegt bei 9 aus 15

Antwortstatistiken

Antwort% Korrekt
Anemonenfisch
94%
Hecht
82%
Wels
81%
Flunder
80%
Schwertfisch
77%
Muräne
72%
Piranha
72%
Barsch
70%
Thunfisch
62%
Makrele
55%
Kabeljau
47%
Hering
45%
Sardine
37%
Sardelle
35%
Papageifisch
30%

Verteilung der Resultate

Perzentil nach korrekt beantworteten Fragen

Anzahl Personen mit jedem Resultat

Ihre Resultats-Entwicklung

Sie haben dieses Quiz noch nicht gespielt